书目信息 |
| 题名: |
大学英语四级新路:词汇库
|
|
| 作者: | 阎传海 编著 | |
| 分册: | ||
| 出版信息: | 西安 西北工业大学出版社 1999.11 |
|
| 页数: | 327页 | |
| 开本: | 32开 | |
| 丛书名: | ||
| 单 册: | ||
| 中图分类: | H313 | |
| 科图分类: | ||
| 主题词: | 英语 | |
| 电子资源: | ||
| ISBN: | 7-5612-1154-6 | |
| 000 | 00569nam0 2200193 45 | |
| 001 | 0010071711 | |
| 005 | 20001007172828.1 | |
| 010 | @a7-5612-1154-6@d13.00元 | |
| 100 | @a20001007d1999 km y0chiy0120 ea | |
| 101 | 0 | @achi |
| 105 | @a z 000yy | |
| 200 | 1 | @a大学英语四级新路:词汇库@ADa Xue Ying Yu Si Ji Xin Lu:Ci Hui Ku@f阎传海编著@FYan Chuan Hai Bian Zhu |
| 210 | @a西安@c西北工业大学出版社@d1999.11 | |
| 215 | @a327页@d32开 | |
| 606 | 0 | @a英语 |
| 690 | @aH313@v3 | |
| 701 | 0 | @a阎传海@4编著 |
| 801 | @aCN@bPftUser@c20001007 | |
| 905 | @b172025-029@dH313@eY289@f5 | |
| 大学英语四级新路:词汇库/阎传海编著.-西安:西北工业大学出版社,1999.11 |
| 327页;32开 |
| ISBN 7-5612-1154-6:13.00元 |
| ● |
| 相关链接 |
|
|
|
正题名:大学英语四级新路:词汇库
索取号:H313/Y289
 
预约/预借
| 序号 | 登录号 | 条形码 | 馆藏地/架位号 | 状态 | 备注 |
| 1 | 172025 | 201720254 | 语言库209/209语言库 104排7列2层/ [索取号:H313/Y289] | 在馆 | |
| 2 | 172026 | 201720263 | 语言库209/209语言库 104排7列2层/ [索取号:H313/Y289] | 在馆 | |
| 3 | 172027 | 201720272 | 自科二线504/504自科库 28排2列3层/ [索取号:H313/Y289] | 在馆 |